[Event "Barcelona Primavera La Lira op 6th"]
[Site "Barcelona"]
[Date "2013.04.18"]
[Round "2"]
[White "Flores Linan, Josep Luis"]
[Black "Rosich Valles, Alfredo"]
[Result "0-1"]
[WhiteElo "1887"]
[BlackElo "2375"]
[PlyCount "62"]
[EventDate "2013.04.11"]
[EventType "swiss"]
[EventRounds "9"]
[EventCountry "ESP"]
[SourceTitle "CBM 154 Extra"]
[Source "ChessBase"]
[SourceDate "2013.06.25"]
[SourceVersion "2"]
[SourceVersionDate "2013.06.25"]
[SourceQuality "1"]

1. d4 c5 2. d5 Nf6 3. c4 b5 4. cxb5 a6 5. b6 Qxb6 6. Nc3 d6 7. e4 g6 8. Be2 Bg7 9. Nf3 0-0 10. 0-0 Bg4 11. Nd2 Bxe2 12. Qxe2 Nbd7 13. Nc4 Qc7 14. a4 Nb6 15. Na3 Rfb8 16. a5 Nbd7 17. Nc4 Rb4 18. Bf4 Qb7 19. f3 Ne8 20. Bd2 Nc7 21. Na4 Rb3 22. Bc3 Qb5 23. Bxg7 Kxg7 24. Qc2 Rb8 25. Nab6 Nxb6 26. axb6 Na8 27. Ra5 Qb4 28. Rxa6 Nxb6 29. Rxb6 Rxb6 30. Nxb6 Rxb2 31. Qc4 Qd2 0-1

[Event "Barcelona Vila de Gracia op 6th"]
[Site "Barcelona"]
[Date "2012.09.28"]
[Round "1"]
[White "Rosich Valles, Alfredo"]
[Black "Clifford, Neil"]
[Result "1-0"]
[WhiteElo "2349"]
[BlackElo "1850"]
[PlyCount "35"]
[EventDate "2012.09.28"]
[EventType "swiss"]
[EventRounds "9"]
[EventCountry "ESP"]
[SourceTitle "EXT 2015"]
[Source "ChessBase"]
[SourceDate "2014.11.20"]
[SourceVersion "1"]
[SourceVersionDate "2014.11.20"]
[SourceQuality "1"]

1. e4 e5 2. Nf3 Nc6 3. Nc3 Bc5 4. Nxe5 Nxe5 5. d4 Bb4 6. dxe5 Bxc3+ 7. bxc3 Ne7 8. Bc4 0-0 9. 0-0 b6 10. Qh5 Ng6 11. Bg5 Qe8 12. f4 Kh8 13. Rae1 Bb7 14. Rf3 Nxe5 15. Rh3 h6 16. Bxh6 f5 17. Bxg7+ Kxg7 18. Qh6# 1-0

[Event "Barcelona Ateneu Colon op 7th"]
[Site "Barcelona"]
[Date "2012.05.09"]
[Round "8"]
[White "Rosich Valles, Alfredo"]
[Black "Capellades Subirana, Marc"]
[Result "1-0"]
[WhiteElo "2357"]
[BlackElo "2266"]
[PlyCount "31"]
[EventDate "2012.03.14"]
[EventType "swiss"]
[EventRounds "9"]
[EventCountry "ESP"]
[SourceTitle "EXT 2013"]
[Source "ChessBase"]
[SourceDate "2012.11.22"]
[SourceVersion "1"]
[SourceVersionDate "2012.11.22"]
[SourceQuality "1"]

1. e4 e5 2. Nf3 Nc6 3. Nc3 g6 4. d4 exd4 5. Nd5 Bg7 6. Bg5 f6 7. Bf4 d6 8. Nxd4 Nge7 9. Bc4 a6 10. a4 f5 11. Bg5 Bxd4 12. Qxd4 Rf8 13. Nf6+ Rxf6 14. Qxf6 Ne5 15. Qh8+ Kd7 16. Be6+ 1-0

[Event "Barcelona Ateneu Colon op 7th"]
[Site "Barcelona"]
[Date "2012.04.18"]
[Round "5"]
[White "Rosich Valles, Alfredo"]
[Black "Munoz Pantoja, Miguel Angel"]
[Result "0-1"]
[WhiteElo "2357"]
[BlackElo "2494"]
[PlyCount "48"]
[EventDate "2012.03.14"]
[EventType "swiss"]
[EventRounds "9"]
[EventCountry "ESP"]
[SourceTitle "EXT 2013"]
[Source "ChessBase"]
[SourceDate "2012.11.22"]
[SourceVersion "1"]
[SourceVersionDate "2012.11.22"]
[SourceQuality "1"]

1. e4 g6 2. d4 Bg7 3. Nf3 d6 4. h3 Nf6 5. Nc3 c6 6. a4 0-0 7. Be3 Nbd7 8. Be2 e5 9. dxe5 dxe5 10. Qd6 Re8 11. 0-0 Bf8 12. Qd1 Nh5 13. Bc4 Qf6 14. Bg5 Qg7 15. Qd2 Nc5 16. g4 Nf6 17. Rae1 h5 18. Nxe5 Rxe5 19. f4 Ncxe4 20. Nxe4 Nxe4 21. fxe5 Nxd2 22. Bxf7+ Qxf7 23. Rxf7 Kxf7 24. Bxd2 hxg4 0-1

[Event "Barcelona Ateneu Colon op 7th"]
[Site "Barcelona"]
[Date "2012.03.21"]
[Round "2"]
[White "Rosich Valles, Alfredo"]
[Black "Walter Travella, German"]
[Result "1-0"]
[WhiteElo "2357"]
[BlackElo "1937"]
[PlyCount "65"]
[EventDate "2012.03.14"]
[EventType "swiss"]
[EventRounds "9"]
[EventCountry "ESP"]
[SourceTitle "EXT 2013"]
[Source "ChessBase"]
[SourceDate "2012.11.22"]
[SourceVersion "1"]
[SourceVersionDate "2012.11.22"]
[SourceQuality "1"]

1. e4 Nc6 2. Nf3 e6 3. d4 d5 4. e5 Bd7 5. c3 a5 6. a4 Na7 7. Be3 b6 8. Nbd2 c5 9. Bd3 c4 10. Bc2 b5 11. axb5 Bxb5 12. 0-0 Be7 13. g4 h6 14. Kg2 Rb8 15. Rh1 Bg5 16. Nxg5 hxg5 17. Nf3 f6 18. Bg6+ Kd7 19. Qe2 Nh6 20. h4 Nxg4 21. hxg5 Rxh1 22. Rxh1 Nxe3+ 23. Qxe3 f5 24. Rh7 Qf8 25. Bh5 Nc6 26. g6 f4 27. Qe2 Ne7 28. Ng5 Qf5 29. Qg4 Rg8 30. Qxf5 Nxf5 31. Bg4 Ke7 32. Bxf5 exf5 33. Nh3 1-0

[Event "Barcelona Tres Peons op 14th"]
[Site "Barcelona"]
[Date "2012.03.09"]
[Round "9"]
[White "Rosich Valles, Alfredo"]
[Black "Gallart Zafra, Jaume"]
[Result "1-0"]
[WhiteElo "2357"]
[BlackElo "2206"]
[PlyCount "87"]
[EventDate "2012.01.13"]
[EventType "swiss"]
[EventRounds "9"]
[EventCountry "ESP"]
[SourceTitle "EXT 2013"]
[Source "ChessBase"]
[SourceDate "2012.11.22"]
[SourceVersion "1"]
[SourceVersionDate "2012.11.22"]
[SourceQuality "1"]

1. e4 c5 2. Nf3 d6 3. d4 cxd4 4. Nxd4 Nf6 5. Nc3 a6 6. Bg5 e6 7. Qf3 Nbd7 8. 0-0-0 Qc7 9. Qg3 b5 10. Bxf6 Nxf6 11. Bxb5+ axb5 12. Ndxb5 Qc5 13. Nxd6+ Bxd6 14. Qxd6 Qxd6 15. Rxd6 Ke7 16. Rhd1 g5 17. f3 h5 18. a4 h4 19. b4 g4 20. e5 Nd7 21. f4 f6 22. exf6+ Nxf6 23. a5 Bb7 24. Rb6 Bxg2 25. Re1 Kf7 26. Rexe6 Nh5 27. Ne4 Bxe4 28. Rxe4 g3 29. hxg3 Nxg3 30. Ree6 Nh5 31. f5 h3 32. Rb7+ Kf8 33. Re2 Ng3 34. Ree7 Nxf5 35. Rf7+ Ke8 36. Rh7 Rf8 37. Rxh3 Nd6 38. Re3+ Kd8 39. Rd3 Kc8 40. Rh7 Nc4 41. Rh4 Rf1+ 42. Rd1 Rxd1+ 43. Kxd1 Nxa5 44. Rh8+ 1-0

[Event "Barcelona Sant Marti op 1st"]
[Site "Barcelona"]
[Date "2012.02.16"]
[Round "4"]
[White "Rosich Valles, Alfredo"]
[Black "Munoz Pantoja, Miguel Angel"]
[Result "0-1"]
[WhiteElo "2357"]
[BlackElo "2495"]
[PlyCount "62"]
[EventDate "2012.01.26"]
[EventType "swiss"]
[EventRounds "9"]
[EventCountry "ESP"]
[SourceTitle "EXT 2013"]
[Source "ChessBase"]
[SourceDate "2012.11.22"]
[SourceVersion "1"]
[SourceVersionDate "2012.11.22"]
[SourceQuality "1"]

1. Nf3 g6 2. c4 Bg7 3. g3 c5 4. Bg2 Nc6 5. 0-0 e6 6. Nc3 Nge7 7. d3 0-0 8. Bd2 d5 9. a3 b6 10. Rb1 dxc4 11. dxc4 Na5 12. b3 Bb7 13. Qc1 Nf5 14. Bg5 f6 15. Rd1 Qe7 16. Bd2 Nc6 17. e3 Rad8 18. Qc2 g5 19. Ne4 Nd6 20. Nxd6 Rxd6 21. Bc3 Rfd8 22. Rxd6 Qxd6 23. Nd2 f5 24. Rb2 Qc7 25. f4 gxf4 26. gxf4 Nd4 27. exd4 cxd4 28. Bb4 d3 29. Qc1 Bd4+ 30. Kh1 Bxg2+ 31. Kxg2 Qg7+ 0-1

[Event "Barcelona Tres Peons op 14th"]
[Site "Barcelona"]
[Date "2012.02.03"]
[Round "4"]
[White "Gonzalez Garcia, Marc"]
[Black "Rosich Valles, Alfredo"]
[Result "1-0"]
[WhiteElo "2244"]
[BlackElo "2357"]
[PlyCount "51"]
[EventDate "2012.01.13"]
[EventType "swiss"]
[EventRounds "9"]
[EventCountry "ESP"]
[SourceTitle "EXT 2013"]
[Source "ChessBase"]
[SourceDate "2012.11.22"]
[SourceVersion "1"]
[SourceVersionDate "2012.11.22"]
[SourceQuality "1"]

1. d4 Nf6 2. Bg5 c5 3. Bxf6 gxf6 4. d5 Qb6 5. Qc1 Bh6 6. e3 f5 7. c4 f4 8. exf4 Bxf4 9. Qxf4 Qxb2 10. Ne2 Qxa1 11. Nec3 Qb2 12. d6 Nc6 13. Bd3 exd6 14. 0-0 Ne5 15. Re1 f6 16. Re2 Kf7 17. Rxb2 Nxd3 18. Qd2 Nxb2 19. Qxb2 Re8 20. f3 b6 21. Nd5 Re6 22. Nc7 Bb7 23. Nxa8 Bxa8 24. Nc3 Bc6 25. Kf2 Re5 26. Qd2 1-0

[Event "Barcelona op 09"]
[Site "Barcelona"]
[Date "2011.09.30"]
[Round "1"]
[White "Colom Andres, Xavier"]
[Black "Rosich Valles, Alfredo"]
[Result "0-1"]
[WhiteElo "1903"]
[BlackElo "2365"]
[PlyCount "48"]
[EventDate "2011.09.30"]
[EventType "swiss"]
[EventRounds "6"]
[EventCountry "ESP"]
[SourceTitle "EXT 2013"]
[Source "ChessBase"]
[SourceDate "2012.11.22"]
[SourceVersion "1"]
[SourceVersionDate "2012.11.22"]
[SourceQuality "1"]

1. d4 Nf6 2. c4 e6 3. Nf3 Bb4+ 4. Nbd2 0-0 5. a3 Bxd2+ 6. Bxd2 Ne4 7. e3 b6 8. g3 Bb7 9. Bg2 d6 10. 0-0 Nd7 11. Qc2 f5 12. Rad1 Qf6 13. Bc1 Rae8 14. b4 Qh6 15. Bb2 Ndf6 16. h3 Qh5 17. Nd2 Nxd2 18. Qxd2 Bxg2 19. Kxg2 Ne4 20. Qd3 Ng5 21. Rh1 Qf3+ 22. Kg1 Ne4 23. Rh2 Rf6 24. Re1 Nxg3 0-1

[Event "Barcelona Tupinamba op 6th"]
[Site "Barcelona"]
[Date "2011.03.09"]
[Round "1"]
[White "Martin Sanchez, Antoni"]
[Black "Rosich Valles, Alfredo"]
[Result "0-1"]
[WhiteElo "1780"]
[BlackElo "2366"]
[PlyCount "70"]
[EventDate "2011.03.09"]
[EventType "swiss"]
[EventRounds "9"]
[EventCountry "ESP"]
[SourceTitle "EXT 2012"]
[Source "ChessBase"]
[SourceDate "2011.11.24"]
[SourceVersion "1"]
[SourceVersionDate "2011.11.24"]
[SourceQuality "1"]

1. d4 Nf6 2. Nf3 g6 3. Nbd2 Bg7 4. e4 d6 5. Bd3 0-0 6. 0-0 Nbd7 7. c3 e5 8. h3 Re8 9. Re1 h6 10. Qc2 b6 11. Nf1 Bb7 12. Ng3 c5 13. d5 Qc7 14. c4 Kh7 15. Qd2 a6 16. a4 a5 17. Nh4 Nb8 18. Nhf5 gxf5 19. Nxf5 Ng8 20. Nxg7 Kxg7 21. Re3 Nd7 22. Rg3+ Kh8 23. Rxg8+ Kxg8 24. Qxh6 Nf8 25. Bg5 Nh7 26. Ra3 f5 27. f4 Nxg5 28. Qxg5+ Qg7 29. Qxf5 Re7 30. fxe5 Rf8 31. Qh5 Rxe5 32. Qe2 Bc8 33. Kh2 Rg5 34. Bb1 Qe5+ 35. g3 Rh5 0-1

[Event "Barcelona La Lira Spring op 3rd"]
[Site "Barcelona"]
[Date "2010.05.13"]
[Round "5.1"]
[White "Rosich Valles, Alfredo"]
[Black "Porras Mateo, Felipe"]
[Result "1-0"]
[WhiteElo "2340"]
[BlackElo "2207"]
[PlyCount "197"]
[EventDate "2010.04.15"]
[EventType "swiss"]
[EventRounds "8"]
[EventCountry "ESP"]
[SourceTitle "EXT 2024"]
[Source "ChessBase"]
[SourceDate "2023.10.10"]
[SourceVersion "1"]
[SourceVersionDate "2023.10.10"]
[SourceQuality "1"]

1. e4 c5 2. Nf3 Nc6 3. d4 cxd4 4. Nxd4 g6 5. Nc3 Bg7 6. Be3 d6 7. Bc4 Nf6 8. f3 0-0 9. Qd2 Bd7 10. 0-0-0 Ne5 11. Bb3 Rc8 12. Bg5 Qa5 13. Kb1 Rfe8 14. Bxf6 exf6 15. Nd5 Qxd2 16. Rxd2 Bc6 17. Rhd1 Bxd5 18. Bxd5 Bh6 19. Re2 Nc6 20. Nb5 Red8 21. c3 a6 22. Nxd6 Rxd6 23. Bxf7+ Kxf7 24. Rxd6 Ke7 25. Rd5 Ne5 26. Kc2 Nc4 27. Kb3 Rc6 28. a4 Bc1 29. Ka2 Ke6 30. g3 Bh6 31. f4 Nd6 32. Rd4 Bf8 33. e5 fxe5 34. Rxe5+ Kf7 35. Red5 b5 36. axb5 axb5 37. Kb3 Be7 38. Rd1 Bf8 39. Ra1 Rc7 40. Ra6 Nb7 41. Rb6 Na5+ 42. Ka2 Nc4 43. Rbxb5 Ne3 44. Rd2 Nc4 45. Re2 Bg7 46. Rb8 Bf8 47. Ra8 Rb7 48. Rc8 Ra7+ 49. Kb1 Nb6 50. Rc6 Nd5 51. Re4 Rb7 52. Kc2 Bg7 53. Ra6 Nc7 54. Ra5 Bf8 55. Rea4 Ne8 56. Ra1 Be7 57. Ra8 Bf6 58. R1a6 Rc7 59. Kb3 Rb7+ 60. Kc4 Be7 61. Kd5 Rc7 62. Rb8 Rc5+ 63. Ke4 Nd6+ 64. Ke3 Rc7 65. Ra4 Nc4+ 66. Kd3 Nd6 67. Rd4 Nb7 68. Rd5 Ke6 69. Re5+ Kf7 70. Kc2 Nd6 71. Rh8 Kg7 72. Ra8 Rb7 73. Rea5 Nb5 74. R8a6 Kf7 75. b4 Bd8 76. Rxb5 Rxb5 77. Ra7+ Be7 78. Kb3 Ke6 79. Kc4 Rb8 80. Ra6+ Kf5 81. b5 Rc8+ 82. Kb3 Kg4 83. b6 Kh3 84. Ra7 Re8 85. c4 Rb8 86. Rxe7 Rxb6+ 87. Ka4 Kxh2 88. Rxh7+ Kxg3 89. c5 Rb1 90. Rf7 Kf3 91. c6 Ke4 92. c7 Rc1 93. Kb5 Kd5 94. Kb6 Kd6 95. Kb7 Rb1+ 96. Kc8 Ke6 97. Rg7 Kf6 98. Rd7 Ra1 99. Kd8 1-0

[Event "Barcelona La Lira Spring op 3rd"]
[Site "Barcelona"]
[Date "2010.04.22"]
[Round "2.1"]
[White "Lorente Munoz, Raul"]
[Black "Rosich Valles, Alfredo"]
[Result "0-1"]
[WhiteElo "1951"]
[BlackElo "2340"]
[PlyCount "114"]
[EventDate "2010.04.15"]
[EventType "swiss"]
[EventRounds "8"]
[EventCountry "ESP"]
[SourceTitle "EXT 2024"]
[Source "ChessBase"]
[SourceDate "2023.10.10"]
[SourceVersion "1"]
[SourceVersionDate "2023.10.10"]
[SourceQuality "1"]

1. d4 Nf6 2. Nf3 c5 3. d5 b5 4. Bg5 Bb7 5. Bxf6 exf6 6. e3 Qb6 7. Be2 Na6 8. 0-0 Nc7 9. e4 f5 10. exf5 Nxd5 11. Re1 Be7 12. Ne5 d6 13. Ng4 Nf6 14. Nc3 0-0 15. Bxb5 Nxg4 16. Rxe7 Nf6 17. Rb1 d5 18. Be2 Bc6 19. Bf3 Rad8 20. Ne2 Rfe8 21. Rxe8+ Rxe8 22. Nf4 Qa5 23. a3 h6 24. c4 Ba4 25. Qc1 dxc4 26. h3 Bb3 27. Ne2 Qd8 28. Nc3 Qd3 29. Qf4 a5 30. g4 a4 31. Kg2 Qd4 32. Kg3 Qd3 33. Kg2 Rd8 34. Re1 Qd2 35. Qxd2 Rxd2 36. Re2 Rd3 37. Bc6 Kf8 38. h4 g5 39. hxg5 hxg5 40. f3 Kg7 41. Kf2 Kf8 42. Ke1 Nd7 43. Kf2 f6 44. Bxa4 Ne5 45. Bb5 Rxf3+ 46. Kg2 Rf4 47. Kh3 Nxg4 48. Re8+ Kg7 49. Ne2 Re4 50. Kg3 Ne5 51. Nc3 Rd4 52. a4 Rd3+ 53. Kf2 Rd2+ 54. Kf1 Bc2 55. a5 Bd3+ 56. Kg1 Nf3+ 57. Kh1 Rh2# 0-1

[Event "Catalunya-chT Honor"]
[Site "Catalunya"]
[Date "2009.03.29"]
[Round "9"]
[White "Simon Padros, Emili"]
[Black "Rosich Valles, Alfredo"]
[Result "0-1"]
[WhiteElo "2256"]
[BlackElo "2342"]
[PlyCount "138"]
[EventDate "2009.02.01"]
[EventType "team-tourn"]
[EventRounds "9"]
[EventCountry "ESP"]
[SourceTitle "EXT 2019"]
[Source "ChessBase"]
[SourceDate "2018.10.10"]
[SourceVersion "1"]
[SourceVersionDate "2018.10.10"]
[SourceQuality "1"]
[WhiteTeam "Terrassa"]
[BlackTeam "Barcelona UGA"]
[WhiteTeamCountry "ESP"]
[BlackTeamCountry "ESP"]

1. e4 e5 2. d4 exd4 3. Qxd4 Nc6 4. Qe3 Nf6 5. Nc3 Bb4 6. Bd2 0-0 7. 0-0-0 Re8 8. Qg3 d6 9. f3 Qe7 10. a3 Ba5 11. Nge2 Ne5 12. Bg5 c6 13. Qh4 Ned7 14. g4 h6 15. Bd2 Ne5 16. Qg3 Bc7 17. Rg1 Nh7 18. f4 Nc4 19. Be1 d5 20. Nd4 Qf6 21. Nf5 Rxe4 22. Kb1 Bxf4 23. Qh3 Ng5 24. Qh5 Bxf5 25. gxf5 Rae8 26. Bd3 Re3 27. Bxc4 dxc4 28. Bf2 Rh3 29. Qg4 Be5 30. Rde1 Rd8 31. Be3 Rxe3 32. Rxe3 Bd4 33. Rge1 Bxe3 34. Rxe3 Rd4 35. Qg1 Rd8 36. Qg4 h5 37. Qxh5 Qxf5 38. h4 Qf1+ 39. Ka2 Ne6 40. Rf3 g6 41. Qg4 Qc1 42. Rf2 Rd2 43. Rxd2 Qxd2 44. Ne4 Qxc2 45. h5 c3 46. Nxc3 Qf5 47. Qb4 gxh5 48. Qxb7 h4 49. Qxa7 h3 50. Qg1+ Kh7 51. a4 Qe5 52. Qf1 Qh5 53. Ne2 Kg7 54. Qg1+ Kf8 55. Qh2 Qd5+ 56. Ka3 Qc5+ 57. Ka2 Qc4+ 58. b3 Qc2+ 59. Ka3 Ke7 60. Qf2 c5 61. a5 Qd2 62. Qh4+ Ke8 63. Qh8+ Kd7 64. Nc3 h2 65. a6 h1Q 66. Qxh1 Qxc3 67. Qd5+ Ke7 68. Qb7+ Kf6 69. a7 Qa1# 0-1

[Event "Catalunya-chT Honor"]
[Site "Catalunya"]
[Date "2009.02.22"]
[Round "4"]
[White "Rosich Valles, Alfredo"]
[Black "Pascual Sauch, Angel"]
[Result "1-0"]
[WhiteElo "2342"]
[BlackElo "2174"]
[PlyCount "89"]
[EventDate "2009.02.01"]
[EventType "team-tourn"]
[EventRounds "9"]
[EventCountry "ESP"]
[SourceTitle "EXT 2019"]
[Source "ChessBase"]
[SourceDate "2018.10.10"]
[SourceVersion "1"]
[SourceVersionDate "2018.10.10"]
[SourceQuality "1"]
[WhiteTeam "Barcelona UGA"]
[BlackTeam "Barbera"]
[WhiteTeamCountry "ESP"]
[BlackTeamCountry "ESP"]

1. d4 Nf6 2. c4 e6 3. Bg5 h6 4. Bh4 Bb4+ 5. Nc3 c5 6. e3 d6 7. Nge2 Nbd7 8. a3 Bxc3+ 9. Nxc3 Qa5 10. Qd2 0-0 11. Be2 b6 12. 0-0 Bb7 13. Bg3 e5 14. b4 Qa6 15. Nb5 Ne4 16. Qd3 Bc6 17. d5 Nxg3 18. dxc6 e4 19. Qxd6 Nxe2+ 20. Kh1 Nf6 21. Qd2 Qc8 22. Qxe2 Qxc6 23. Rfd1 Rfd8 24. h3 a6 25. Nc3 Qc7 26. Rac1 cxb4 27. axb4 Rxd1+ 28. Rxd1 Rd8 29. Rd4 Rxd4 30. exd4 Qf4 31. Qe3 Qd6 32. c5 bxc5 33. bxc5 Qe6 34. Kh2 a5 35. Qd2 Qc4 36. Qe3 Qd3 37. Qxd3 exd3 38. c6 Ne8 39. Kg3 Kf8 40. Kf3 Ke7 41. Ke3 Kd6 42. d5 Nc7 43. Kxd3 a4 44. Kc4 f5 45. Kb4 1-0

[Event "Catalunya-chT Honor"]
[Site "Catalunya"]
[Date "2009.02.15"]
[Round "3"]
[White "Gonzalez Rodriguez, Raul Omar"]
[Black "Rosich Valles, Alfredo"]
[Result "1-0"]
[WhiteElo "2342"]
[BlackElo "2342"]
[PlyCount "51"]
[EventDate "2009.02.01"]
[EventType "team-tourn"]
[EventRounds "9"]
[EventCountry "ESP"]
[SourceTitle "EXT 2019"]
[Source "ChessBase"]
[SourceDate "2018.10.10"]
[SourceVersion "1"]
[SourceVersionDate "2018.10.10"]
[SourceQuality "1"]
[WhiteTeam "Colon Sabadell"]
[BlackTeam "Barcelona UGA"]
[WhiteTeamCountry "ESP"]
[BlackTeamCountry "ESP"]

1. d4 f5 2. Bg5 g6 3. Nc3 d5 4. e3 Bg7 5. Nf3 Nf6 6. Bd3 Ne4 7. Bf4 c6 8. h4 Nd7 9. h5 Qb6 10. Rb1 Qa5 11. hxg6 hxg6 12. Rxh8+ Bxh8 13. Nh4 Nxc3 14. bxc3 Qxc3+ 15. Kf1 Nf8 16. Rb3 Qa5 17. Nxg6 Nxg6 18. Qh5 Be6 19. Qxg6+ Bf7 20. Qh7 Bf6 21. Rxb7 Qd2 22. Rb1 e6 23. Qh6 Be7 24. Qh8+ Bf8 25. Bd6 Kd7 26. Rb7+ 1-0